Vortex of conflict : (Record no. 16104)

000 -LEADER
fixed length control field 02703nam a2200289 a 4500
001 - CONTROL NUMBER
control field ASIN0804776660
005 - DATE AND TIME OF LATEST TRANSACTION
control field 20170105102932.0
008 - FIXED-LENGTH DATA ELEMENTS--GENERAL INFORMATION
fixed length control field 150313s2011 xxu eng d
020 ## - INTERNATIONAL STANDARD BOOK NUMBER
International Standard Book Number 0804776660 (paperback)
Terms of availability $25.95
020 ## - INTERNATIONAL STANDARD BOOK NUMBER
International Standard Book Number 9780804776660 (paperback)
040 ## - CATALOGING SOURCE
Original cataloging agency 0
050 04 - LIBRARY OF CONGRESS CALL NUMBER
Classification number E902
082 04 - DEWEY DECIMAL CLASSIFICATION NUMBER
Classification number 973.93
Author Mark CAL 2011
100 1# - MAIN ENTRY--PERSONAL NAME
Personal name Caldwell, Dan.
245 10 - TITLE STATEMENT
Title Vortex of conflict :
Remainder of title U.S. policy toward afghanistan, pakistan, and iraq /
Statement of responsibility, etc. Dan Caldwell.
260 ## - PUBLICATION, DISTRIBUTION, ETC.
Place of publication, distribution, etc. [S.l.] :
Name of publisher, distributor, etc. Stanford Security Studies,
Date of publication, distribution, etc. 2011.
300 ## - PHYSICAL DESCRIPTION
Extent 408 p. ;
Dimensions 23 cm.
520 ## - SUMMARY, ETC.
Summary, etc. More than two million Americans have now served in Afghanistan or Iraq; more than 5,000 Americans have been killed; and more than 35,000 have been grievously wounded. The war in Afghanistan has become America's longest war. Despite these facts, most Americans do not understand the background of, or reasons for, the United States' involvement in these two wars. Utilizing an impressive array of primary and secondary sources, author Dan Caldwell describes and makes sense of the relevant historical, political, cultural, and ideological, elements related to the wars in Iraq and Afghanistan. Perhaps most importantly, he demonstrates how they are interrelated in a number of important ways. Beginning with a description of the history of the two conflicts within the context of U.S. policies toward Afghanistan, Iraq, and Pakistan—because American policy toward terrorism and Afghanistan cannot be understood without some consideration of Pakistan—he outlines and analyzes the major issues of the two wars. These include intelligence quality, war plans, postwar reconstruction, inter-agency policymaking, U.S. relations with allies, and the shift from a conventional to counterinsurgency strategy. He concludes by capturing the lessons learned from these two conflicts and points to their application in future conflict. Vortex of Conflict is the first, accessible, one-volume resource for anyone who wishes to understand why and how the U.S. became involved in these two wars—and in the affairs of Pakistan—concurrently. It will stand as the comprehensive reference work for general readers seeking a road map to the conflicts, for students looking for analysis and elucidation of the relevant data, and for veterans and their families seeking to better understand their own experience.
650 #0 - SUBJECT ADDED ENTRY--TOPICAL TERM
Topical term or geographic name entry element Afghan War (2001-)
650 #0 - SUBJECT ADDED ENTRY--TOPICAL TERM
Topical term or geographic name entry element International relations
650 #0 - SUBJECT ADDED ENTRY--TOPICAL TERM
Topical term or geographic name entry element Iraq War (2003-2011)
650 #0 - SUBJECT ADDED ENTRY--TOPICAL TERM
Topical term or geographic name entry element Military policy
650 #0 - SUBJECT ADDED ENTRY--TOPICAL TERM
Topical term or geographic name entry element United States
650 #0 - SUBJECT ADDED ENTRY--TOPICAL TERM
Topical term or geographic name entry element War on Terrorism (2001-2009)
856 40 - ELECTRONIC LOCATION AND ACCESS
Materials specified Amazon.com
Uniform Resource Identifier <a href="http://www.amazon.com/exec/obidos/ASIN/0804776660/chopaconline-20">http://www.amazon.com/exec/obidos/ASIN/0804776660/chopaconline-20</a>
942 ## - ADDED ENTRY ELEMENTS (KOHA)
Source of classification or shelving scheme
Koha item type Book
Holdings
Withdrawn status Lost status Source of classification or shelving scheme Damaged status Not for loan Collection code Permanent Location Current Location Shelving location Date acquired Total Checkouts Full call number Barcode Date last seen Price effective from Koha item type
            Centre for International Peace & Stability (CIPS) Centre for International Peace & Stability (CIPS) General Stacks 09/10/2013   973.93 CAL 2011 CIPS0002146 03/13/2015 03/13/2015 Book
© 2023 Central Library, National University of Sciences and Technology. All Rights Reserved.